000 00718nam a2200277Ia 4500
005 20250425160704.0
008 250425s9999 xx 000 0 und d
020 _a9978860045
041 _aspa
043 _aec
082 _a928.866
100 _aPAEZ, JOSE ROBERTO
245 0 _aCRONISTAS COLONIALES (PARTE I)
250 _a1A ED.
260 _aEcuador
_bCORPORACION DE ESTUDIOS Y PUBLICACIONES
_c1989
260 _aQUITO
300 _a466
650 _aCRONISTAS ECUATORIANOS
650 _aCRONISTAS ECUATORIANOS
650 _aPERIODISMO-ECUADOR
650 _aPERIODISMO-ECUADOR
650 _aPERIODISTAS ECUATORIANOS
650 _aPERIODISTAS ECUATORIANOS
942 _c01
010 _a2343
999 _c194137
_d194137